000 00233nam a2200097Ia 4500
001 690121
005 20250826161810.0
008 250824s9999 xx 000 0 und d
245 0 _aMAVİ KUŞ
_cMUSTAFA KUTLU
260 _bDERGAH YAYINLARI
999 _c690121
_d690121